000 02826nam0a2200397 i 4500
001 RU\NLR\bibl\2058028
005 20260503061905.0
010 _a9785852911049
021 _aRU
_b2013-50953
_93532
035 _a(nilc)RuMoRGB-006602140
035 _a(NLR Aleph) 002044845
090 _a4613509
_c4613509
100 _a20130702d2013 u y0rusy50 ca
101 0 _arus
102 _aRU
105 _aa |||||||||
200 1 _aСлавянства многоликий мир. Дерево в традиционной культуре славянских народов
_eвыставка из фондов Музея славянских культур ФГБОУ ВПО "ГАСК"
_eкаталог
_f[сост.: Г.П. Мельников, к.ист.н., проф. и др.
_gавт. вступ. ст. и аннот. к Выставке: А.А. Замышляева]
210 _aМосква
_cГАСК
_d2013
215 _a63, [1] с.
_cцв. ил.
_d25
300 _aВ надзаг.: Ком. межрегион. связей и нац. политики Правительства г. Москвы, Гос. учреждение г. Москвы "Моск. дом национальностей", Слав. фонд России, ФГБОУ ВПО "Гос. акад. слав. культуры"
320 _aБиблиогр. в подстроч. примеч.
517 0 _aДерево в традиционной культуре славянских народов
601 0 2 _aГосударственная академия славянской культуры
_bМузей славянских культур
_cМосква, город
_jКаталоги
_xКоллекция художественных деревянных изделий
_xВыставки
_92160287
_3RU\NLR\auth\661604827
606 1 _aХудожественные деревянные изделия славянских народов
_jКаталоги
_xВыставки
_yМосква, город
_92160286
_3RU\NLR\auth\661604826
686 _aЩ101.3(2Р)-2Москва2Музей славянских культур л62
686 _aЩ125.53(0)л62
702 1 _4220
_aМельников
_bГ. П.
_cканд. ист. наук
_f1951-
_gГеоргий Павлович
_3RU\NLR\AUTH\770134659
_9134625
712 0 2 _4570
_aГосударственная академия славянской культуры
_cМосква
_bМузей славянских культур
_3RU\NLR\AUTH\8810163780
_9823576
801 0 _aRU
_bRuMoRKP
_c20130702
_gRCR
801 2 _aRU
_bРГБ
_c20130709
801 1 _aRU
_bRuMoRKP
_c20130702
_2rusmarc
801 2 _aRU
_bNLR
_c20130731
_grcr
942 _cBOOK
980 _aNBR